[Event "Druzynowe Mistrzostwa Polski Juniorow - II Liga"]
[Site "Iwonicz"]
[Date "2016-07-31"]
[Round "4.36"]
[White "Laszczuk, Zuzanna"]
[Black "Lascar, Maria Elena"]
[Result "0-1"]
[WhiteTitle "I"]
[BlackTitle "I+"]
[WhiteElo "1043"]
[BlackElo "1475"]

1. e4 c5 2. Nc3 a6 3. f4 b5 4. Nf3 Bb7 5. d3 e6 6. g3 d5 7. e5 Nc6 8. Bg2 h5 9.
h3 Be7 10. d4 Qc7 11. Be3 c4 12. O-O Nh6 13. Qe1 O-O-O 14. a3 Nf5 15. Rd1 b4 16.
axb4 Nxb4 17. Rc1 Bc6 18. Bf2 Kb7 19. Ne2 Ra8 20. b3 cxb3 21. Qc3 bxc2 22. Qb3
Bb5 23. Rfe1 Rhc8 24. g4 hxg4 25. hxg4 Nh6 26. g5 Nf5 27. Bh3 g6 28. Bxf5 gxf5
29. Be3 Nd3 30. Bd2 Qc4 31. Qxc4 Rxc4 32. Nc3 Nxc1 33. Rxc1 Bb4 34. Nxb5 axb5
35. Bxb4 Rxb4 36. Rxc2 Rc4 37. Rb2 Kc6 38. Kf2 Ra3 39. Ke2 Rac3 40. Rb1 Rc2+ 41.
Kd1 R2c3 42. Ke2 b4 43. Ra1 b3 44. Ra6+ Kb5 45. Ra7 Rc7 46. Ra8 Rc2+ 47. Kf1 Kc4
48. Ra4+ Kc3 49. Ra3 Ra2 50. Rxa2 bxa2 51. Kg2 a1=Q 52. Kf2 Rb7 53. Kg3 Kd3 54.
Kg2 Rb2+ 55. Kg3 Ke3 56. Nh4 Qg1+ 57. Kh3 Rh2# 0-1

[Event "Druzynowe Mistrzostwa Polski Juniorow - II Liga"]
[Site "Iwonicz"]
[Date "2016-07-31"]
[Round "4.37"]
[White "Czerniawski, Krzysztof"]
[Black "Pasieka, Marcin"]
[Result "1-0"]
[WhiteTitle "I"]
[BlackTitle "I"]
[WhiteElo "1904"]
[BlackElo "1768"]

1. Nf3 Nf6 2. g3 e6 3. Bg2 Be7 4. O-O d5 5. d4 O-O 6. c4 dxc4 7. Qa4 a6 8. Qxc4
b5 9. Qc2 Bb7 10. Bg5 Nbd7 11. Nbd2 Rc8 12. Bxf6 Nxf6 13. Nb3 Be4 14. Qc1 c6 15.
Rd1 Qc7 16. Nc5 Bxc5 17. dxc5 Bxf3 18. Bxf3 Rcd8 19. Qc2 a5 20. a3 Nd5 21. Rd2
Rd7 22. Rad1 Rfd8 23. e3 a4 24. Rd4 Ne7 25. Qc3 Nf5 26. Rxd7 Rxd7 27. Rxd7 Qxd7
28. Qa5 Qc8 29. Bxc6 Ne7 30. Bb7 Qe8 31. c6 1-0

[Event "Druzynowe Mistrzostwa Polski Juniorow - II Liga"]
[Site "Iwonicz"]
[Date "2016-07-31"]
[Round "4.38"]
[White "Kupiecki, Szymon"]
[Black "Fudalej, Slawomir"]
[Result "1-0"]
[WhiteTitle "II"]
[BlackTitle "I"]
[WhiteElo "1432"]
[BlackElo "1597"]

1. e4 e5 2. Nf3 Nc6 3. Bb5 a6 4. Ba4 Nf6 5. d4 exd4 6. O-O Be7 7. Re1 O-O 8. e5
Ne8 9. Nxd4 Nxd4 10. Qxd4 b5 11. Bb3 Bb7 12. Qg4 g6 13. Rd1 d5 14. c4 bxc4 15.
Bxc4 f5 16. Qe2 Kh8 17. Bb3 f4 18. Qf3 c6 19. Nc3 Ng7 20. Ne2 Ne6 21. Qg4 Bc8
22. Qf3 Bc5 23. Qc3 Qb6 24. Rf1 Bb4 25. Qc2 f3 26. gxf3 Rxf3 27. Kg2 Rh3 28. Be3
Rxe3 29. fxe3 Qxe3 30. a3 Bc5 31. Rae1 Qxe5 32. Ng3 Qd6 33. Qc3+ d4 34. Qc1 Bb6
35. Rf6 Qd8 36. Rfxe6 Bxe6 37. Bxe6 Qd6 38. Ba2 c5 39. Re6 Qc7 40. Qg5 Rf8 41.
Rf6 Rxf6 42. Qxf6+ Qg7 43. Qxb6 h6 44. Qd8+ Kh7 45. Qd5 d3 46. Qxd3 Qxb2+ 47.
Qe2 Qxe2+ 48. Nxe2 Kg7 49. Nf4 Kf6 50. Ne6 a5 51. Nxc5 Ke5 52. a4 Kd4 53. Nb7
Kc3 54. Bf7 g5 55. Be8 Kb4 56. Kg3 h5 57. Nd6 Ka3 58. Ne4 h4+ 59. Kg4 1-0

[Event "Druzynowe Mistrzostwa Polski Juniorow - II Liga"]
[Site "Iwonicz"]
[Date "2016-07-31"]
[Round "4.39"]
[White "Maciak, Jakub"]
[Black "Niedbala, Bartlomiej"]
[Result "1-0"]
[WhiteTitle "II"]
[BlackTitle "I"]
[WhiteElo "1582"]
[BlackElo "1626"]

1. e4 c6 2. d4 d5 3. exd5 cxd5 4. Bd3 Nc6 5. c3 Nf6 6. h3 e6 7. Nf3 Bd6 8. O-O
Qc7 9. Re1 h6 10. Nbd2 Bd7 11. Qe2 Nh5 12. Nb3 Nf4 13. Bxf4 Bxf4 14. Nc5 O-O 15.
Rad1 Bc8 16. Bb1 b6 17. Qc2 g6 18. Nd3 Ba6 19. Nxf4 Qxf4 20. Rxe6 Qc7 21. Re3
Bc8 22. Nh4 Ne7 23. Qe2 Nc6 24. Rg3 Ne7 25. Re1 Be6 26. Nxg6 Nxg6 27. Bxg6 Rfe8
28. Bf5+ Kf8 29. Qg4 1-0

[Event "Druzynowe Mistrzostwa Polski Juniorow - II Liga"]
[Site "Iwonicz"]
[Date "2016-07-31"]
[Round "4.41"]
[White "Wilant, Marta"]
[Black "Kotula, Magdalena"]
[Result "1/2-1/2"]
[WhiteTitle "II"]
[BlackTitle "I+"]
[WhiteElo "1306"]
[BlackElo "1567"]

1. d4 Nf6 2. c4 g6 3. g3 Bg7 4. Bg2 d6 5. Nf3 O-O 6. O-O Nbd7 7. Qc2 e5 8. dxe5
Nxe5 9. Nxe5 dxe5 10. Nc3 c6 11. e4 Be6 12. c5 Qc8 13. f3 Rd8 14. Be3 Qc7 15.
b4 Bc4 16. Rfd1 Rxd1+ 17. Nxd1 Be6 18. Nb2 Rd8 19. a3 Ne8 20. g4 Qe7 21. Bf1 Qh4
22. Qf2 Qxf2+ 23. Kxf2 Nc7 24. a4 f5 25. Bc4 Bxc4 26. Nxc4 f4 27. Bd2 Rd4 28.
Rc1 Ne6 29. h4 Rd3 30. Rc3 Rd4 31. Rc1 Kf8 32. Ke2 Rd7 33. Bc3 Nd4+ 34. Bxd4 exd4
35. Kd3 Ke7 36. Rc2 Ke6 37. a5 h6 38. Rh2 Bf6 39. Rh1 Bg7 40. Ra1 Bf6 41. Rh1
Be7 42. h5 g5 43. Ra1 Bf6 44. Ra2 Be7 1/2-1/2

[Event "Druzynowe Mistrzostwa Polski Juniorow - II Liga"]
[Site "Iwonicz"]
[Date "2016-07-31"]
[Round "4.42"]
[White "Hertlein, Irena"]
[Black "Raczykowska, Paulina"]
[Result "0-1"]
[WhiteTitle "I"]
[BlackTitle "I+"]
[WhiteElo "1488"]
[BlackElo "1679"]

1. d4 d5 2. Nf3 e6 3. c4 Nf6 4. g3 dxc4 5. Bg2 Nc6 6. O-O a6 7. Nc3 Rb8 8. Re1
Be7 9. e4 O-O 10. Qd2 b5 11. h3 h6 12. Qe3 Nb4 13. Re2 c5 14. dxc5 Nd7 15. g4
Nxc5 16. h4 Nbd3 17. g5 hxg5 18. hxg5 Bb7 19. Ne1 Bd6 20. Qh3 Bf4 21. Be3 Qxg5
22. Bxc5 Nxc5 23. Nc2 Rbd8 24. a3 Rd3 25. Ne3 Nxe4 26. Kf1 Nxf2 27. Kxf2 Bxe3+
28. Kf1 Qf4+ 29. Ke1 Bd2+ 30. Rxd2 Qxd2+ 31. Kf1 Rxh3 32. Bxh3 Qxb2 33. Re1 Qxc3
34. Bg4 Qg3 35. Re2 Qxg4 36. Ke1 Qg3+ 37. Kd1 Rd8+ 38. Kc1 Qc3+ 39. Rc2 Qa1# 0-1

[Event "Druzynowe Mistrzostwa Polski Juniorow - II Liga"]
[Site "Iwonicz"]
[Date "2016-07-31"]
[Round "4.43"]
[White "Guzik, Natalia"]
[Black "Lizak, Jakub"]
[Result "0-1"]
[WhiteTitle "I++"]
[BlackTitle "k"]
[WhiteElo "1608"]
[BlackElo "2131"]

1. e4 g6 2. d4 Bg7 3. Nf3 d6 4. Be3 Nf6 5. Nc3 a6 6. a4 b6 7. h3 Bb7 8. Bd3 e6
9. O-O Nbd7 10. Qd2 O-O 11. Bh6 e5 12. Bxg7 Kxg7 13. dxe5 dxe5 14. Rad1 Qe7 15.
Qg5 h6 16. Qe3 Qb4 17. Rb1 Rfe8 18. Nd2 Rad8 19. f4 Qd4 20. Qxd4 exd4 21. Ne2
Nxe4 22. Nxe4 Bxe4 23. Bxe4 Rxe4 24. Rfe1 Nc5 25. Rbd1 d3 26. Nc3 dxc2 27. Rc1
Rxe1+ 28. Rxe1 Nd3 29. Rf1 c1=Q 30. Rxc1 Nxc1 0-1

[Event "Druzynowe Mistrzostwa Polski Juniorow - II Liga"]
[Site "Iwonicz"]
[Date "2016-07-31"]
[Round "4.44"]
[White "Tustanowski, Mateusz"]
[Black "Bakalarczyk, Jakub"]
[Result "1-0"]
[WhiteTitle "I++"]
[BlackTitle "I"]
[WhiteElo "1957"]
[BlackElo "1591"]

1. e4 c6 2. d4 d5 3. Nc3 dxe4 4. Nxe4 Bf5 5. Ng3 Bg6 6. h4 h6 7. Nf3 Nd7 8. h5
Bh7 9. Bd3 Bxd3 10. Qxd3 e6 11. Bd2 Qc7 12. O-O-O Ngf6 13. Qe2 O-O-O 14. Ne5 Nxe5
15. dxe5 Nd7 16. f4 Be7 17. Ne4 Nb6 18. c4 Rd4 19. Bc3 Rxd1+ 20. Rxd1 Na4 21.
Nd6+ Bxd6 22. exd6 Nxc3 23. Qe5 f6 24. Qxc3 Qd7 25. c5 b6 26. b4 Kb7 27. Rd2 Re8
28. Re2 Qf7 29. Qg3 Rd8 30. Qb3 Re8 31. f5 Qxh5 32. Rxe6 Rd8 33. Re7+ Kc8 34.
Qe6+ Kb8 35. Qe4 Qg5+ 36. Kc2 Qg3 37. Qxc6 Qf2+ 38. Kb3 1-0

[Event "Druzynowe Mistrzostwa Polski Juniorow - II Liga"]
[Site "Iwonicz"]
[Date "2016-07-31"]
[Round "4.45"]
[White "Jagura, Norbert"]
[Black "Kukula, Karol"]
[Result "1/2-1/2"]
[WhiteTitle "II"]
[BlackTitle "II"]
[WhiteElo "1505"]
[BlackElo "1550"]

1. c4 e5 2. Nc3 Nf6 3. d3 d5 4. cxd5 Nxd5 5. Nf3 Nc6 6. g3 Nb6 7. Bg2 Be7 8. O-O
O-O 9. a3 Re8 10. b4 Bf8 11. Bb2 Bg4 12. h3 Bh5 13. Nh4 Qd7 14. Bxc6 Qxc6 15.
Qd2 Qd7 16. Qg5 Bg6 17. Nxg6 hxg6 18. Qg4 Re6 19. Qf3 c6 20. Rad1 a5 21. bxa5
Rxa5 22. Ne4 Na4 23. Bc1 Nc5 24. g4 Nb3 25. Bb2 Be7 26. g5 Nd4 27. Qg4 Qe8 28.
Rb1 b5 29. f4 Nf5 30. Rf3 exf4 31. Qxf4 Bd6 32. Nxd6 Nxd6 33. Qd4 Qf8 34. e4 Ne8
35. Rbf1 Qe7 36. h4 Ra4 37. Qf2 Nd6 38. Bd4 Rxd4 39. Qxd4 Qe8 40. a4 bxa4 41.
Qxa4 c5 42. Qa7 Re5 43. Qc7 Qe6 44. Rg3 c4 45. dxc4 Nxe4 46. Rg2 Rc5 47. h5 1/2-1/2

[Event "Druzynowe Mistrzostwa Polski Juniorow - II Liga"]
[Site "Iwonicz"]
[Date "2016-07-31"]
[Round "4.46"]
[White "Szeliga, Sebastian"]
[Black "Wojtasik, Szymon"]
[Result "1/2-1/2"]
[WhiteTitle "II"]
[BlackTitle "II"]
[WhiteElo "1228"]
[BlackElo "1240"]

1. e4 c5 2. Nf3 Nc6 3. Bb5 g6 4. O-O Bg7 5. c3 e5 6. d3 d6 7. Be3 Nf6 8. Nbd2 O-O
9. Rc1 Qc7 10. d4 cxd4 11. cxd4 exd4 12. Nxd4 Bd7 13. Nxc6 bxc6 14. b3 Qb7 15.
Bd3 d5 16. Bd4 Be6 17. exd5 cxd5 18. Qf3 Nd7 19. Bxg7 Kxg7 20. Rfe1 Qb6 21. Qg3
Rac8 22. Nf3 Nf6 23. Qe5 Rfe8 24. Qb2 a5 25. Nd4 Bd7 26. Nf3 Bb5 27. Bxb5 Qxb5
28. Nd4 Qd7 29. h3 Qb7 30. Nf3 Rb8 31. Ne5 Re6 32. Ng4 Rxe1+ 33. Rxe1 Qc6 34.
Qd4 Qd6 35. g3 Rb4 36. Qb2 a4 37. Re3 d4 38. Nxf6 Qxf6 39. Rd3 axb3 40. axb3 Qb6
41. Kh2 Qf6 42. Kg1 Qd6 43. Kh2 Qd5 44. Kg1 Qe5 45. Qd2 Qd6 46. Qb2 Qb6 47. Kh2
Qc5 48. Kg1 Qd5 49. Kh2 Qe5 50. Qd2 Qd6 51. Qb2 h5 52. h4 Qd5 53. Kg1 Qd6 54.
Kh2 Qe5 55. Qd2 Qb5 56. Kg1 Qa5 57. Kh2 Qb5 58. Kg1 Qb6 59. Qb2 Qd6 60. Kh2 Qd5
61. Kg1 Qe5 62. Qd2 Qa5 63. Kh2 Qb6 64. Qb2 Qb5 65. Qd2 Qb6 1/2-1/2

[Event "Druzynowe Mistrzostwa Polski Juniorow - II Liga"]
[Site "Iwonicz"]
[Date "2016-07-31"]
[Round "4.47"]
[White "Bakalarczyk, Zuzanna"]
[Black "Wojcik, Jagoda"]
[Result "0-1"]
[WhiteTitle "I"]
[BlackTitle "I+"]
[WhiteElo "1312"]
[BlackElo "1609"]

1. e4 c5 2. Nf3 e6 3. d4 cxd4 4. Nxd4 Nf6 5. Nc3 Nc6 6. a3 e5 7. Nb3 Be7 8. Be2
O-O 9. O-O a5 10. Be3 d6 11. f4 a4 12. Nd2 d5 13. fxe5 Nxe4 14. Ndxe4 dxe4 15.
Nxe4 Nxe5 16. Nc3 Be6 17. Qe1 Nc4 18. Bxc4 Bxc4 19. Rf4 Qc7 20. Qf2 Bd6 21. Rh4
Rfe8 22. Bd2 Bc5 23. Rd4 Bxd4 24. Qxd4 Rad8 25. Qf2 b5 26. Bf4 Qd7 27. Qg3 Qe6
28. b3 axb3 29. cxb3 Bxb3 30. Bc7 Rd2 31. Nxb5 Qd5 32. Nc3 Qd4+ 33. Kh1 Rd3 34.
Qg5 Qxc3 35. Rb1 Re1+ 36. Rxe1 Qxe1# 0-1

[Event "Druzynowe Mistrzostwa Polski Juniorow - II Liga"]
[Site "Iwonicz"]
[Date "2016-07-31"]
[Round "4.48"]
[White "Bialek, Alicja"]
[Black "Matyjasek, Michalina"]
[Result "0-1"]
[WhiteTitle "II+"]
[BlackTitle "II"]
[WhiteElo "1218"]
[BlackElo "1199"]

1. e4 c5 2. Nf3 Nc6 3. Bb5 g6 4. O-O Bg7 5. c3 Nf6 6. Re1 O-O 7. d4 cxd4 8. cxd4
d5 9. e5 Ne8 10. Qa4 Bd7 11. b3 Nc7 12. Nc3 Nxb5 13. Qxb5 Nxd4 14. Qd3 Nxf3+ 15.
Qxf3 Bc6 16. Qd3 e6 17. Ba3 Re8 18. Nb5 Qa5 19. Nd6 Qxa3 20. Nxe8 Rxe8 21. Qc2
Qb4 0-1

[Event "Druzynowe Mistrzostwa Polski Juniorow - II Liga"]
[Site "Iwonicz"]
[Date "2016-07-31"]
[Round "4.49"]
[White "Sloniewski, Kacper"]
[Black "Domanski, Lukasz"]
[Result "0-1"]
[WhiteTitle "II"]
[BlackTitle "I++"]
[WhiteElo "1168"]
[BlackElo "2001"]

1. c4 b6 2. Nf3 Bb7 3. g3 Bxf3 4. exf3 c5 5. Bg2 Nc6 6. Nc3 g6 7. O-O Bg7 8. d3
Nh6 9. Be3 Nf5 10. Qd2 O-O 11. Rfe1 a6 12. Rab1 Rb8 13. a3 Nfd4 14. Ne2 b5 15.
Nxd4 Nxd4 16. Bxd4 Bxd4 17. b3 e6 18. b4 Qf6 19. Rb3 Rfc8 20. bxc5 bxc4 21. Rxb8
Rxb8 22. Rc1 c3 23. Qd1 Rb2 24. Rc2 Qg5 25. f4 Qxc5 26. Qe2 Qxa3 27. Qd1 Rxc2
28. Qxc2 Qb2 0-1

[Event "Druzynowe Mistrzostwa Polski Juniorow - II Liga"]
[Site "Iwonicz"]
[Date "2016-07-31"]
[Round "4.50"]
[White "Norek, Bartosz"]
[Black "Nowacka, Dorota"]
[Result "1-0"]
[WhiteTitle "II+"]
[BlackTitle "I"]
[WhiteElo "1686"]
[BlackElo "1415"]

1. e4 e6 2. d4 d5 3. Nd2 Nf6 4. e5 Nfd7 5. Bd3 c5 6. c3 Nc6 7. Ne2 Be7 8. f4 c4
9. Bc2 O-O 10. O-O f6 11. Nf3 b5 12. Qe1 Rb8 13. g4 g6 14. Qg3 b4 15. f5 exf5
16. gxf5 fxe5 17. dxe5 Nc5 18. fxg6 Bf5 19. gxh7+ Kxh7 20. Bxf5+ Rxf5 21. Qh3+
Kg8 22. Qxf5 Ne4 23. Kh1 Kh8 24. Qh5+ Kg8 25. Rg1+ Kf8 26. Bh6# 1-0

[Event "Druzynowe Mistrzostwa Polski Juniorow - II Liga"]
[Site "Iwonicz"]
[Date "2016-07-31"]
[Round "4.51"]
[White "Syrkiewicz, Michal"]
[Black "Norek, Maciej"]
[Result "1-0"]
[WhiteTitle "II"]
[BlackTitle "II"]
[WhiteElo "1389"]
[BlackElo "1200"]

1. c4 e5 2. g3 Nf6 3. Bg2 d5 4. cxd5 Nxd5 5. Nc3 Nb6 6. d3 Nc6 7. Be3 Be6 8. Nf3
Bd6 9. O-O O-O 10. h3 Qd7 11. Kh2 Rae8 12. Qd2 f5 13. Ng5 f4 14. Nxe6 Qxe6 15.
Bxb6 axb6 16. Bd5 Rf6 17. Bxe6+ Rexe6 18. Ne4 Rh6 19. Rae1 Bb4 20. Nc3 g5 21.
a3 Bd6 22. Ne4 Be7 23. gxf4 exf4 24. Rg1 Reg6 25. f3 Rh4 26. Rg4 Rh5 27. d4 Na5
28. Qc3 Rc6 29. Qd3 Rch6 30. Nf2 Nc6 31. Qe4 Kf7 32. b4 Bf6 33. Rd1 1-0

[Event "Druzynowe Mistrzostwa Polski Juniorow - II Liga"]
[Site "Iwonicz"]
[Date "2016-07-31"]
[Round "4.52"]
[White "Wielgus, Wojciech"]
[Black "Sloniewska, Agata"]
[Result "1/2-1/2"]
[WhiteTitle "II"]
[BlackTitle "II"]
[WhiteElo "1118"]
[BlackElo "1028"]

1. e4 g6 2. d4 Bg7 3. Nf3 d6 4. Nc3 a6 5. Be3 e6 6. Bd3 Nd7 7. O-O Ne7 8. Re1 h6
9. Qd2 b5 10. Rad1 Bb7 11. h3 c5 12. dxc5 Nxc5 13. e5 Nxd3 14. Qxd3 Bxf3 15. gxf3
Bxe5 16. f4 Bxc3 17. Qxc3 O-O 18. Bd4 Nd5 19. Qg3 Rc8 20. Rxe6 Kh7 21. f5 g5 22.
Rxd6 Nf4 23. Qa3 Qc7 24. Qxa6 f6 25. b3 Qxc2 26. Be3 Qe4 27. Bxf4 Qxf4 28. Rd7+
Kh8 29. Qb7 Qxf5 30. a3 Rc2 31. f3 Qc5+ 32. Kh1 Qf5 33. Kg1 Qc5+ 34. Kh1 1/2-1/2

[Event "Druzynowe Mistrzostwa Polski Juniorow - II Liga"]
[Site "Iwonicz"]
[Date "2016-07-31"]
[Round "4.53"]
[White "Dabrowska, Aleksandra"]
[Black "Hryn, Zofia"]
[Result "1/2-1/2"]
[WhiteTitle "I"]
[BlackTitle "I"]
[WhiteElo "1371"]
[BlackElo "1531"]

1. e4 c5 2. Nf3 d6 3. d4 cxd4 4. Qxd4 Nc6 5. Bb5 Bd7 6. Bxc6 Bxc6 7. c4 Nf6 8.
Nc3 g6 9. O-O Bg7 10. Qd3 O-O 11. Rb1 b6 12. Re1 Nd7 13. Nd2 Rc8 14. b3 Ne5 15.
Qg3 Bb7 16. Bb2 e6 17. Red1 Qe7 18. f4 Nd7 19. Nb5 Bxb2 20. Rxb2 a6 21. Nc3 Nc5
22. Qe3 Qf6 23. Rc2 Rfd8 24. Nf3 Qe7 25. Rcd2 Bc6 26. b4 Na4 27. Nxa4 Bxa4 28.
Rc1 Qb7 29. f5 exf5 30. exf5 Re8 31. Qg5 Qe4 32. fxg6 hxg6 33. h4 Rxc4 34. Re1
Qf4 35. Rxe8+ Bxe8 36. Qxf4 Rxf4 37. Rxd6 Rxb4 38. h5 gxh5 39. Rh6 f5 40. Ng5
Rg4 41. Ne6 Rg6 42. Rxg6+ Bxg6 43. Nc7 Bf7 44. Nxa6 Bxa2 45. Kf2 Kg7 46. Kg3 Kg6
47. Nb4 Bc4 48. Kf4 h4 49. Nc2 Bd5 50. Ne3 Be4 51. Nc4 Bxg2 52. Nxb6 h3 53. Kg3
f4+ 54. Kh2 f3 55. Kg3 Bf1 56. Nd5 Kg5 57. Ne3 Bg2 58. Nc2 f2 59. Kxf2 Be4 60.
Kg3 Bxc2 61. Kxh3 1/2-1/2

[Event "Druzynowe Mistrzostwa Polski Juniorow - II Liga"]
[Site "Iwonicz"]
[Date "2016-07-31"]
[Round "4.55"]
[White "Miasik, Adrian"]
[Black "Zarnowski, Krzysztof"]
[Result "1/2-1/2"]
[WhiteTitle "I"]
[BlackTitle "I++"]
[WhiteElo "1950"]
[BlackElo "2034"]

1. d4 d5 2. Nf3 Nf6 3. c4 e6 4. Nc3 c6 5. e3 Be7 6. Bd3 Nbd7 7. O-O O-O 8. Qc2
b6 9. cxd5 cxd5 10. Ne5 Bb7 11. f4 Rc8 12. Qa4 a6 13. Bd2 b5 14. Qd1 Ne4 15. Nxe4
dxe4 16. Bc2 Bd5 17. Bb3 f6 18. Ng4 Nb6 19. Ba5 Qd6 20. Bxb6 Qxb6 21. Bxd5 exd5
22. Qb3 Rc4 23. Rac1 Rfc8 24. Rxc4 Rxc4 25. Nf2 Qc6 26. a3 a5 27. Nd1 a4 28. Qa2
Rc2 29. Nc3 Qc4 30. Qxc4 dxc4 31. Nd5 Bd6 32. Rf2 Rc1+ 33. Rf1 Rc2 34. Rf2 Rc1+
35. Rf1 Rc2 36. Rf2 1/2-1/2

[Event "Druzynowe Mistrzostwa Polski Juniorow - II Liga"]
[Site "Iwonicz"]
[Date "2016-07-31"]
[Round "4.56"]
[White "Kozubal, Aleksandra"]
[Black "Ciasnocha, Michal"]
[Result "1-0"]
[WhiteTitle "I++"]
[BlackTitle "II"]
[WhiteElo "1687"]
[BlackElo "1460"]

1. d4 d5 2. c4 c6 3. Nc3 Nf6 4. Bg5 e6 5. e3 Nbd7 6. Bd3 Bd6 7. Nge2 O-O 8. Qc2
h6 9. Bh4 Re8 10. f3 dxc4 11. Bxc4 e5 12. d5 Nb6 13. Qb3 g5 14. dxc6 Nxc4 15.
cxb7 Bxb7 16. Qxc4 gxh4 17. Qxh4 Kh7 18. Rd1 Qe7 19. Ng3 Ng8 20. Qg4 Nf6 21. Qc4
Rac8 22. Qd3+ Kh8 23. Qxd6 Rcd8 24. Qxe7 Rxd1+ 25. Kxd1 Rxe7 26. Kc2 Nd5 27. Nf5
Re6 28. Nxd5 Bxd5 29. b3 Rg6 30. Nh4 Rc6+ 31. Kb2 e4 32. Rd1 Rc5 33. f4 Be6 34.
Rd4 f5 35. Rd6 1-0

[Event "Druzynowe Mistrzostwa Polski Juniorow - II Liga"]
[Site "Iwonicz"]
[Date "2016-07-31"]
[Round "4.59"]
[White "Luka, Agnieszka"]
[Black "Jurkiewicz, Zuzanna"]
[Result "0-1"]
[WhiteTitle "II"]
[BlackTitle "I+"]
[WhiteElo "1307"]
[BlackElo "1657"]

1. d4 Nf6 2. c4 c5 3. dxc5 Qa5+ 4. Nc3 Qxc5 5. e3 d6 6. Nf3 g6 7. Bd3 Bg7 8. O-O
O-O 9. h3 Nbd7 10. Qd2 a6 11. b3 Rb8 12. Bb2 b6 13. Rac1 Bb7 14. Be2 Qc6 15. Rfd1
Rfe8 16. Rc2 Rbc8 17. Rdc1 Ne5 18. Ba3 Bh6 19. Bb2 Red8 20. Ba3 Ne4 21. Nxe4 Qxe4
22. Bb2 f5 23. Kf1 f4 24. Qd4 fxe3 25. Qxe4 Bxe4 26. Rc3 Nxf3 27. gxf3 Bf5 28.
fxe3 Bg7 29. Kg2 Bxc3 30. Bxc3 Kf7 31. Rd1 d5 32. Bd4 dxc4 33. Bxc4+ Be6 34. Bxe6+
Kxe6 35. Rd2 Kf7 36. f4 b5 37. Kf3 Rc1 38. Rh2 Rdc8 39. Bb2 R1c2 40. Rxc2 Rxc2
41. Bd4 Rxa2 0-1

[Event "Druzynowe Mistrzostwa Polski Juniorow - II Liga"]
[Site "Iwonicz"]
[Date "2016-07-31"]
[Round "4.60"]
[White "Mazurek, Maja"]
[Black "Polak, Sylwia"]
[Result "1/2-1/2"]
[WhiteTitle "II"]
[BlackTitle "II"]
[WhiteElo "1103"]
[BlackElo "1128"]

1. d4 d5 2. e3 Nf6 3. Bd3 e6 4. f4 c5 5. c3 Nc6 6. Nf3 Be7 7. O-O O-O 8. Nbd2 Bd7
9. Ne5 cxd4 10. exd4 Rc8 11. Qf3 a6 12. Qh3 b5 13. Rf3 Ra8 14. Rg3 Kh8 15. Ndf3
Ne4 16. Bxe4 dxe4 17. Nd2 Nxe5 18. fxe5 Bc6 19. Qh5 f5 20. Rh3 h6 21. Nb3 f4 22.
Qg6 Bd5 23. g3 Bg5 24. Nc5 Qe7 25. Nxe4 Bxe4 26. Qxe4 Qf7 27. gxf4 Bxf4 28. Bxf4
Qxf4 29. Qxf4 Rxf4 30. Rf1 Raf8 31. Rxf4 Rxf4 32. Rg3 Kg8 33. Rg2 a5 34. Rf2 Re4
35. Rd2 Re3 36. Kf2 Rh3 37. Kg2 Re3 38. Rc2 Rd3 39. Kf2 Rh3 40. Ke1 Kf8 41. Rf2+
Ke7 42. Kd1 g5 43. Kc2 h5 44. Kb3 g4 45. Rg2 Kd7 46. Kc2 Rf3 47. b3 Kc6 48. c4
bxc4 49. bxc4 Ra3 50. Kb2 Rd3 51. Re2 Rxd4 52. Kb3 Kc5 53. Ka4 Kb6 54. Kb3 h4
55. Rg2 Re4 56. a3 Kc5 57. Ka4 Kb6 58. Kb3 1/2-1/2

[Event "Druzynowe Mistrzostwa Polski Juniorow - II Liga"]
[Site "Iwonicz"]
[Date "2016-07-31"]
[Round "4.61"]
[White "Sypien, Natan"]
[Black "Koseski, Damian"]
[Result "0-1"]
[WhiteTitle "II"]
[BlackTitle "I"]
[WhiteElo "1461"]
[BlackElo "1762"]

1. Nf3 Nf6 2. b3 d5 3. e3 e6 4. Bb2 Be7 5. Be2 O-O 6. O-O c5 7. Ne5 b6 8. f4 Bb7
9. d3 Nc6 10. Nd2 Nd7 11. Nxd7 Qxd7 12. Qe1 f6 13. a3 Bd6 14. Qh4 d4 15. e4 f5
16. e5 Bc7 17. Bf3 Bd8 18. Bxc6 Bxc6 19. Qg3 Qf7 20. Nf3 Qh5 21. Bc1 h6 22. Bd2
Kh8 23. a4 a5 24. Bc1 Rg8 25. Nd2 g5 26. Nf3 gxf4 27. Qxf4 Bg5 28. Nxg5 Rxg5 29.
g3 Rag8 30. Bd2 Qh3 31. Qf2 R5g6 0-1

[Event "Druzynowe Mistrzostwa Polski Juniorow - II Liga"]
[Site "Iwonicz"]
[Date "2016-07-31"]
[Round "4.62"]
[White "Laszczak, Przemyslaw"]
[Black "Majocha, Piotr"]
[Result "1/2-1/2"]
[WhiteTitle "I+"]
[BlackTitle "I"]
[WhiteElo "1819"]
[BlackElo "1751"]

1. d4 Nf6 2. Bg5 e6 3. e3 Be7 4. Bd3 b6 5. Nf3 Bb7 6. O-O O-O 7. Nbd2 d6 8. c3
Nbd7 9. e4 c5 10. Rc1 Ne8 11. Bxe7 Qxe7 12. e5 Bxf3 13. Qxf3 d5 14. Qh3 g6 15.
f4 f5 16. exf6 Qxf6 17. Nf3 Ng7 18. Rce1 Rae8 19. Ng5 h5 20. Bb5 Qe7 21. Nf3 Rxf4
22. Ne5 Rxf1+ 23. Rxf1 Nxe5 24. Bxe8 Qxe8 25. dxe5 Nf5 26. Qf3 Qe7 27. h3 Qg5
28. g4 hxg4 29. hxg4 Kg7 30. Kh2 Qh6+ 31. Qh3 Qd2+ 32. Kg1 Ne3 33. Rf3 Qe1+ 34.
Kh2 Qe2+ 35. Kg3 Qe1+ 36. Kf4 Qc1 37. Rxe3 d4 38. g5 Qxe3+ 39. Qxe3 dxe3 40. Kxe3
Kf7 41. Kd3 Ke7 42. Kc4 a6 1/2-1/2

[Event "Druzynowe Mistrzostwa Polski Juniorow - II Liga"]
[Site "Iwonicz"]
[Date "2016-07-31"]
[Round "4.63"]
[White "Szuber, Dawid"]
[Black "Krolak, Kacper"]
[Result "1-0"]
[WhiteTitle "II"]
[BlackTitle "III"]
[WhiteElo "1268"]
[BlackElo "1174"]

1. e4 e5 2. Nc3 d6 3. g3 Nf6 4. Bg2 Be7 5. Nge2 O-O 6. O-O Nbd7 7. d3 a6 8. Kh1
c6 9. a3 b5 10. f4 exf4 11. Bxf4 Bb7 12. Nd4 c5 13. Nf5 g6 14. Nxd6 Bxd6 15. Bxd6
Re8 16. Bf4 Ne5 17. Bxe5 Rxe5 18. Qf3 Re6 19. Rf2 Nd7 20. Qxf7+ Kh8 21. Qxe6 b4
22. axb4 cxb4 23. Nd5 Rc8 24. Nxb4 a5 25. Nd5 Rc6 26. Qe7 Qc8 27. c4 Rc5 28. Rf7
Bxd5 29. Rxh7+ Kg8 30. Qg7# 1-0

[Event "Druzynowe Mistrzostwa Polski Juniorow - II Liga"]
[Site "Iwonicz"]
[Date "2016-07-31"]
[Round "4.65"]
[White "Fajt, Patrycja"]
[Black "Parol, Pola"]
[Result "0-1"]
[WhiteTitle "II"]
[BlackTitle "k"]
[WhiteElo "1069"]
[BlackElo "1817"]

1. e4 c5 2. Nf3 Nc6 3. Bb5 d6 4. d4 cxd4 5. Nxd4 Bd7 6. Bxc6 bxc6 7. O-O Nf6 8.
Nc3 g6 9. Be3 Bg7 10. Kh1 Ng4 11. Re1 Nxe3 12. Rxe3 Qb6 13. Nb3 a5 14. Rb1 a4
15. Nd2 Be6 16. b3 axb3 17. axb3 Bd4 18. Nc4 Qa7 19. Rd3 Bxf2 20. Nd2 Bd4 21.
Ne2 Bf6 22. c4 Bg4 23. Qf1 O-O 24. h3 Bxe2 25. Qxe2 Rfb8 26. Rg3 Qc5 27. Qe3 Bd4
28. Qe2 Ra2 29. Rd3 Be5 30. Qd1 Qf2 31. Rc1 Bf4 32. Rf3 Qxd2 33. Qxd2 Bxd2 34.
Rcf1 f6 35. R3f2 Rba8 36. Kh2 Bc3 37. Rf3 Be5+ 38. Kh1 Ra1 39. Kg1 Rxf1+ 40. Kxf1
Ra1+ 41. Kf2 Rc1 42. Rd3 Rc3 43. Rd1 Rxb3 44. Rc1 Rc3 0-1

[Event "Druzynowe Mistrzostwa Polski Juniorow - II Liga"]
[Site "Iwonicz"]
[Date "2016-07-31"]
[Round "4.66"]
[White "Zaborowska, Maria"]
[Black "Wasala, Wiktoria"]
[Result "1-0"]
[WhiteTitle "I"]
[BlackTitle "I"]
[WhiteElo "1215"]
[BlackElo "1365"]

1. e4 Nf6 2. e5 Nd5 3. Nf3 g6 4. d4 Bg7 5. Be2 O-O 6. O-O d6 7. c4 Nb6 8. Nc3 Nc6
9. exd6 cxd6 10. Be3 Bd7 11. Qd2 Rc8 12. Bh6 e6 13. Ne4 Qe7 14. Bxg7 Kxg7 15.
Nxd6 Qxd6 16. c5 Qc7 17. cxb6 Qxb6 18. Rac1 Rfd8 19. Rfd1 Be8 20. Rc3 e5 21. d5
f6 22. Qe3 Qxe3 23. fxe3 Nb4 24. a3 Rxc3 25. bxc3 Nc2 26. e4 Rc8 27. c4 Nxa3 28.
Ra1 Nxc4 29. Rxa7 Nd6 30. Ba6 Rb8 31. Nd2 Kf8 32. Be2 h5 33. h4 b5 34. Ra6 Ke7
35. Ra1 b4 36. Rb1 Ba4 37. Rb2 Kd8 38. Kf2 Kc7 39. Ke3 Kd8 40. Ra2 Bb5 41. Bd1
Bc4 42. Nxc4 Nxc4+ 43. Kd3 b3 44. Bxb3 Rxb3+ 45. Kxc4 Re3 46. Kc5 Rxe4 47. Kd6
Rc4 48. Ra8+ Rc8 49. Rxc8+ Kxc8 50. Ke7 e4 51. d6 e3 52. d7+ Kb7 53. d8=Q e2 54.
Qd2 1-0

[Event "Druzynowe Mistrzostwa Polski Juniorow - II Liga"]
[Site "Iwonicz"]
[Date "2016-07-31"]
[Round "4.67"]
[White "Zylinski, Piotr"]
[Black "Mrozowski, Patryk"]
[Result "0-1"]
[WhiteTitle "I"]
[BlackTitle "I++"]
[WhiteElo "1577"]
[BlackElo "1901"]

1. e4 c5 2. Nc3 d6 3. g3 g6 4. Bg2 Bg7 5. d3 e6 6. Be3 Ne7 7. Qc1 h5 8. Nge2 Nbc6
9. O-O h4 10. f4 e5 11. fxe5 hxg3 12. hxg3 Nxe5 13. Bf4 Bg4 14. Bxe5 Bxe5 15.
Kf2 Qd7 16. Rh1 O-O-O 17. Qd2 Nc6 18. Raf1 Nd4 19. Nxd4 Bxd4+ 20. Ke1 Qe6 21.
b3 Be5 22. Ne2 Kb8 23. Nf4 Qd7 24. Bf3 Bxf3 25. Rxh8 Rxh8 26. Rxf3 Qg4 27. Qg2
Bc3+ 28. Ke2 f5 29. Kf1 fxe4 30. dxe4 Be5 31. Nd5 Qxe4 32. Re3 Rh1+ 33. Kf2 Qxc2+
34. Re2 Qf5+ 35. Nf4 Rh8 36. Qd5 g5 37. Qe6 Rf8 38. Kg2 gxf4 39. Qxf5 Rxf5 40.
gxf4 Rxf4 0-1